Hollow Knight Bosse nach Bild - Statistiken

Allgemein
  • Dieses Quiz wurde 30 mal gespielt
  • Das Durchschnittsergebnis liegt bei 21 aus 47
Antwortstatistiken
Bildquiz Antwort % Korrekt
Zerbrochenes Gefäß
76%
Falscher Ritter
71%
Grimm
71%
Weghüterin Hornet
71%
Der Sammler
65%
Dungverteidiger
65%
Mantisfürsten
65%
Nosk
65%
Albtraumkönig Grimm
59%
Der Hollow Knight
59%
Abtrünniger Herrscher
53%
Das Vergessene Licht
53%
Grimmschlund
53%
Großmeister Sly
53%
Kristallwächter
53%
Nagelmeister Oro & Mato
53%
Schwarmritter
53%
Seelenmeister
53%
Zote der Mächtige
53%
Das Absolute Licht
47%
Reines Gefäß
47%
Uumuu
47%
Weißer Verteidiger
47%
Egelmatone
41%
Grabhüterin Hornet
41%
Grummermutter
41%
Keinauge
41%
Ritter des Wächters
41%
Schwestern der Schlacht
41%
Ältester Hu
35%
Galien
35%
Gorb
35%
Grauer Prinz Zote
35%
Markoth
35%
Moosstürmer
35%
Pinselmeister Sheo
35%
Verlorenes Gefäß
35%
Xero
35%
Gotteszähmerin
29%
König der Rachfliegen
29%
Seelentyrann
29%
Kristallwüter
24%
Seelenkrieger
24%
Gescheiterter Beschützer
18%
Obobbel
18%
Geflügelter Nosk
12%
Marmu
12%
Keine übereinstimmenden Quizze gefunden
Verteilung der Resultate
Anzahl Personen mit jedem Resultat
Perzentil nach korrekt beantworteten Fragen
Ihre Resultats-Entwicklung
Sie haben dieses Quiz noch nicht gespielt